Sòlids, líquids i gasos : experimentar amb la pressió / Aureli Caamaño, Hernando Rayo experimentar amb la pressió / Aureli Caamaño, Hernando Rayo
Publicado:
Barcelona :
Graó, de Serveis Pedagògics : Diputació de Barcelona. Servei d'Ensenyament i Investigació ,
1986
Descripción Física:
59 p. : il. ; 20 x 21 cm
Colección:
Biblioteca de la Classe ; 15
Otros Autores:
Rayo, Hernando
Materias:
Pressió -- Experiments
MARC
| LEADER | 00000nam a2200000Ia 4500 | ||
|---|---|---|---|
| 001 | 2142 | ||
| 008 | 160829s1986 xx 000 0 cat d | ||
| 080 | |a C-1-383 | ||
| 100 | |a Caamaño i Ros, Aureli |9 35001 | ||
| 245 | |a Sòlids, líquids i gasos : |b experimentar amb la pressió / Aureli Caamaño, Hernando Rayo | ||
| 260 | |a Barcelona : |b Graó, de Serveis Pedagògics : |b Diputació de Barcelona. Servei d'Ensenyament i Investigació, |c 1986 | ||
| 300 | |a 59 p. : |b il. ; |c 20 x 21 cm | ||
| 490 | |a Biblioteca de la Classe ; 15 | ||
| 650 | |a Pressió |x Experiments |9 35002 | ||
| 700 | |a Rayo, Hernando |9 35003 | ||
| 710 | 1 | |a Barcelona (Catalunya : Província). |b Servei d'Ensenyament i Investigació |9 54366 | |
| 901 | |a Arxiu | ||
| 942 | |n 1 | ||
| 952 | |0 0 |1 0 |4 0 |6 C1383 |7 1 |9 46727 |a Arxiu |b Arxiu |d 2016-12-01 |l 0 |o C-1-383 |p 2142 |r 2016-12-01 00:00:00 |w 2016-12-01 |y ARXIU | ||
| 999 | |c 50520 |d 50520 | ||